000 00415pab a2200157 454500
008 180718b1996 xxu||||| |||| 00| 0 eng d
100 _aJoginder Singh
245 _aDecline in professional standards of the police: causes and remedies
260 _c1996
300 _ap.4-14
362 _aApr-Jun
650 _aPolice - India
650 _aPolice
773 _aPolice Research and Development
909 _a31930
999 _c31930
_d31930